| 000 | 00671cab a2200229 4500 | ||
|---|---|---|---|
| 001 | ABS37420 | ||
| 008 | 090401t1987 xxu||||| |||| 00| 0 eng d | ||
| 035 | _a(Sirsi) u4305 | ||
| 041 | _aeng | ||
| 100 | _aClark, P. | ||
| 245 | _aCasting vote dashes early consent hopes | ||
| 260 | _c1987 | ||
| 350 | _a0 | ||
| 490 |
_aEstates Times _v(880) 6 February 1987, 14 (1) |
||
| 520 | _aWith the aid of a case study, this article looks briefly at the procedure involved in submitting a planning application . | ||
| 650 | _aPLANNING PROCEDURE | ||
| 690 | _aPLANNING LAW AND PRACTICE | ||
| 700 | _aHall, S. | ||
| 700 | _aWebber, R. | ||
| 942 | _n0 | ||
| 948 | _c04/03/1997 | ||
| 999 |
_c2582 _d2582 |
||